000 00721nam a2200241 a 4500
001 BRCA_7895
005 20190320210036.0
008 070214s1964----sp-a######---#000-0#spa-#
041 _aspa
044 _asp
050 4 _aBR1023
_b.O78 1964
100 1 _aOrtiz Echague, José
_919524
245 1 0 _aEspaña mística
_cpor José Ortiz Echague ; prólogo de Miguel Herrero García.
250 _a4
260 _aMadrid
_bJ. Ortiz Echague
_c1964
300 _a30 p.
_bil. (algunas a color), 301 láminas
_c32 cm.
500 _aY170
650 1 4 _aMonasticismo y órdenes religiosas
_918344
651 4 _aEspaña
_xReligión
_918345
700 1 _aHerrero García, Miguel
_epról.
_919525
902 _aGFM
942 _2lcc
_cB
999 _c7567
_d7567